|
|
|
|
| LEADER |
00995naa a2200325 a 4500 |
| 001 |
000020004 |
| 003 |
SVKKK |
| 005 |
20071210083003.0 |
| 008 |
030616c1998 xo e sloo |
| FMT |
|
|
|
| 038 |
|
|
|a SVKKK
|
| 040 |
|
|
|a SVKKK
|b slo
|e AACR2
|
| 041 |
0 |
|
|a slo
|
| 044 |
|
|
|a xo
|c SK
|
| 080 |
|
|
|a 28
|2 1981
|
| 080 |
|
|
|a 929 Tkáč, Alojz
|2 1981
|
| 090 |
|
|
|a IV 179897
|
| 130 |
0 |
|
|a Rímskokatolícka
|
| 245 |
0 |
0 |
|a Rímskokatolícka cirkev :
|b predstavitelia cirkvi
|
| 300 |
|
|
|b Fotogr., mp. 1, obr.
|
| 600 |
1 |
4 |
|a Tkáč, Alojz,
|d 1934-,
|x arcibiskup
|
| 650 |
0 |
4 |
|a cirkev rímskokatolícka
|x Tkáč, Alojz (arcibiskup, 1934-,)
|z Ohradzany (HE)
|x rodák
|x profily
|
| 773 |
0 |
|
|t Prehľad registrovaných cirkví a osobností náboženského života v Slovenskej republike
|d Bratislava : Ústav pre vzťahy štátu a cirkvi, 1998
|z 80-968115-7-6
|g S. 8-17
|
| 957 |
|
|
|a Ohradzany
|
| 958 |
|
|
|a HE
|
| 974 |
|
|
|d 990412
|a Čr
|
| 992 |
|
|
|a RZB
|
| BAS |
|
|
|
| 852 |
|
|
|a SVKKK
|b BIB
|
| 998 |
|
|
|a REG
|